Horváth Denis felállt a padlóról

Bibliographic Details
Other Authors: Duducz, Tibor (Interviewer)
Format: Article
Language:Slovak
Hungarian
PhysicalDescription:Fotografie
ISSN:1338-9068
Subjects:

MARC

LEADER 00000nab a2200000 4500
001 vtls012131812
003 SK-MaSNL
005 20260318132848.0
008 220421|2022 xo |||| || ||00 0|slo
015 |a SNBRB2022/04 
040 |a DSZK  |b slo  |c DSZK  |e rda 
041 |a hun  |a slo 
043 |a e-xo--- 
044 |a xo  |c SK 
072 7 |a 796  |x Šport. Hry. Telesné cvičenia  |2 konspekt 
080 |a 796.81/.82  |2 2011 
100 1 |a Duducz, Tibor  |4 ivr  |9 1108642 
245 1 0 |a Horváth Denis felállt a padlóról  |c Duducz Tibor 
300 |b Fotografie 
336 |a text  |b txt  |2 rdacontent 
337 |a bez média  |b n  |2 rdamedia 
338 |a zväzok  |b nc  |2 rdacarrier 
546 |a Dvojjazyčné vydanie 
600 1 7 |a Horváth, Denis  |2 dszk  |9 11329 
650 0 7 |a zápasenie  |2 SNKPH  |9 13273 
651 7 |a Šamorín (Slovensko)  |2 SNKPHgeo  |9 28925 
700 1 |a Horváth, Denis  |4 ive  |9 11329 
773 0 |t Somorja és vidéke = Šamorín a okolie  |g Évf. XXXII, sz. 4 (2022), o. 11  |x 1338-9068 
958 |a SK 
958 |a RG 
999 |c 2079834  |d 2081764